[Event "7th Stage Russian Cup"]
[Site "Togliatty RUS"]
[Date "2001.08.11"]
[Round "4"]
[White "Kniazev,A"]
[Black "Nachev,S"]
[Result "1-0"]
[WhiteElo "2243"]
[BlackElo "2401"]

1.e4 c5 2.Nf3 Nc6 3.d4 cxd4 4.Nxd4 Nf6 5.Nc3 d6 6.Bg5 Bd7 7.Qd2 a6 8.O-O-O b5
9.Bxf6 gxf6 10.f4 e6 11.f5 Nxd4 12.Qxd4 e5 13.Qd3 Bc6 14.Kb1 Rc8 15.Nd5 Bxd5
16.Qxd5 Qc7 17.Qb3 Qb7 18.Rd5 Rc5 19.Rxc5 dxc5 20.a4 b4 21.Bc4 Bg7 22.Bd5 Qa7
23.Bc6+ Ke7 24.Bd5 Rf8 25.Qh3 Rh8 26.Qh5 Kd8 27.Bxf7 Kc7 28.Rd1 Rd8 29.Be6 Rxd1+
30.Qxd1 Kb6 31.Qd8+ Qc7 32.a5+  1-0

[Event "FSGM August"]
[Site "Budapest HUN"]
[Date "2001.08.12"]
[Round "9"]
[White "Rajlich,V"]
[Black "Dembo,Y"]
[Result "1/2-1/2"]
[WhiteElo "2330"]
[BlackElo "2391"]

1.e4 c5 2.Nf3 Nc6 3.d4 cxd4 4.Nxd4 Nf6 5.Nc3 d6 6.Bg5 e6 7.Qd2 Be7 8.O-O-O O-O
9.f4 Nxd4 10.Qxd4 h6 11.Bh4 Qa5 12.Bc4 Qh5 13.Bg3 Qc5 14.Qxc5 dxc5 15.Rhf1 a6
16.e5 Nd7 17.a4 Nb8 18.Bf2 Bd7 19.Be3 Bc6 20.g4 Nd7 21.Kb1 Rab8 22.Bd3 Nb6
23.f5 Rfd8 24.fxe6 fxe6 25.a5 Nd5 26.Nxd5 Bxd5 27.Bg6 Rf8 28.h4 b6 29.axb6 Rxb6
30.g5 Rfb8 31.Bc1 c4 32.c3 h5 33.Rf4 Ba3 34.Rd2 Bc5 35.Re2 Rb3 36.Kc2 a5
37.Bxh5 a4 38.Bf3 a3 39.bxa3 Bxf3 40.Rxf3 Bxa3 41.Bxa3 Rxa3 42.Rd2 Ra1 43.Rf4 Ra2+
44.Kd1 Ra1+ 45.Ke2 Ra5 46.Re4 Kf7 47.h5 Rh8 48.Rd7+ Ke8 49.Rxg7 Rxh5 50.Ke3 Kf8
51.Rg6 Kf7 52.Rf6+ Ke7 53.Kf4 Rh4+ 54.Kf3 Rh3+ 55.Kg4 Rxc3 56.g6 Ra1 57.Rf7+ Ke8
58.Kg5 Rg3+ 59.Kh6 Rxg6+  1/2-1/2

[Event "FSGM August"]
[Site "Budapest HUN"]
[Date "2001.08.12"]
[Round "9"]
[White "Arnold,L"]
[Black "Balogh,C"]
[Result "1/2-1/2"]
[WhiteElo "2408"]
[BlackElo "2347"]

1.e4 c5 2.Nf3 d6 3.d4 cxd4 4.Nxd4 Nf6 5.Nc3 Nc6 6.Bg5 e6 7.Qd2 Be7 8.O-O-O O-O
9.f4 h6 10.Bh4 e5 11.Nf5 Bxf5 12.exf5 exf4 13.Kb1 d5 14.Bxf6 Bxf6 15.Nxd5 Be5
16.c3 Ne7 17.Bc4 Nxf5 18.Qe2 Re8 19.Bb5 Re6 20.Nxf4 Rd6 21.Rxd6 Bxd6 22.Rf1 Qe7
23.Qxe7 Nxe7 24.Bc4  1/2-1/2

[Event "FSGM August"]
[Site "Budapest HUN"]
[Date "2001.08.14"]
[Round "11"]
[White "Breder,D"]
[Black "Castaneda,N"]
[Result "1-0"]
[WhiteElo "2411"]
[BlackElo "2341"]

1.e4 c5 2.Nf3 Nc6 3.d4 cxd4 4.Nxd4 Nf6 5.Nc3 d6 6.Bg5 e6 7.Qd2 a6 8.O-O-O h6
9.Nxc6 bxc6 10.Bf4 d5 11.Qe3 Qa5 12.Be2 Bb4 13.Be5 Bxc3 14.Bxc3 Qxa2 15.Bd3 dxe4
16.Qg3 exd3 17.Qxg7 Rg8 18.Qxf6 Qa1+ 19.Kd2 Qa4 20.Kxd3 Bb7 21.Ke3 c5 22.f3 Rg6
23.Qh8+ Ke7 24.Qe5 Qc6 25.Rd2 f6 26.Qf4 e5 27.Qf5 Rag8 28.Rhd1 Bc8 29.Qh5 Be6
30.Qh4 Kf7 31.Rd6 Qb5 32.g3 Rc8 33.Qe4 Bh3 34.g4 Rf8 35.Rxf6+ Kxf6 36.Qxe5+ Kf7
37.Qc7+  1-0

[Event "FSGM August"]
[Site "Budapest HUN"]
[Date "2001.08.14"]
[Round "11"]
[White "Medvegy,Z"]
[Black "Balogh,C"]
[Result "1-0"]
[WhiteElo "2430"]
[BlackElo "2347"]

1.e4 c5 2.Nf3 d6 3.d4 cxd4 4.Nxd4 Nf6 5.Nc3 Nc6 6.Bg5 e6 7.Qd2 a6 8.O-O-O Qb6
9.Nb3 Be7 10.f3 O-O 11.g4 Rd8 12.Be3 Qc7 13.Qf2 Nd7 14.Kb1 b5 15.h4 Nce5
16.g5 Rb8 17.h5 Nb6 18.g6 fxg6 19.hxg6 Nxg6 20.Qh2 Nf8 21.Bd3 g6 22.e5 dxe5
23.Bh6 Nd5 24.Ne4 Rb7 25.Rdg1 Nf6 26.Nbd2 Kf7 27.Bxf8 Kxf8 28.Qh6+ Ke8 29.Qg7 Nxe4
30.Nxe4 Kd7 31.Ng5 Kc6 32.Be4+ Kb6 33.Bxb7 Kxb7 34.Rxh7 Rd7 35.Qxg6 Qd8 36.a3 b4
37.Qe4+ Kb6 38.Qxe5 Bb7 39.Qxe6+ Ka7 40.Qe3+ Ka8 41.Ne6 Rd1+ 42.Rxd1 Qxd1+
43.Qc1  1-0

[Event "ch-FRA Women"]
[Site "Marsailles FRA"]
[Date "2001.08.14"]
[Round "2"]
[White "Te Llalemand,R"]
[Black "Muller,A"]
[Result "1-0"]
[WhiteElo "2347"]
[BlackElo "2156"]

1.e4 c5 2.Nf3 d6 3.d4 cxd4 4.Nxd4 Nf6 5.Nc3 Nc6 6.Bg5 e6 7.Qd2 a6 8.O-O-O h6
9.Nxc6 bxc6 10.Bf4 d5 11.Qe3 Be7 12.Be2 O-O 13.h4 a5 14.Qg3 Kh8 15.Bc7 Qd7
16.Be5 Ne8 17.exd5 exd5 18.Na4 Qb7 19.Qe3 Bf6 20.g4 Bxe5 21.Qxe5 Nf6 22.Nc5 Qb4
23.g5 Re8 24.Qg3 Rxe2 25.gxf6 g6 26.Nd3 Qc4 27.Rd2 Rxd2 28.Kxd2 Bf5 29.Qe3 Kh7
30.b3 Qa6 31.a4 Qb7 32.Re1 Bxd3 33.Kxd3 h5 34.Qe7 Qa6+ 35.Kd2 Kg8 36.Rg1 Qa7
37.Rxg6+ Kh7 38.Rg7+ Kh6 39.Qe3+ Qxe3+ 40.fxe3 Re8 41.Rxf7 Kg6 42.Re7 Rf8
43.f7 Kf5 44.Kd3 Kf6 45.Rc7 Ke5 46.c3 Kd6 47.Ra7 Ke5 48.b4 axb4 49.cxb4 Kd6
50.a5  1-0

[Event "TCh-ESP Div 2"]
[Site "Vila Real ESP"]
[Date "2001.08.14"]
[Round "2"]
[White "Ingunza Lopez,T"]
[Black "Pros Heras,J"]
[Result "1/2-1/2"]
[WhiteElo "2065"]
[BlackElo "2125"]

1.e4 c5 2.Nf3 Nc6 3.d4 cxd4 4.Nxd4 Nf6 5.Nc3 d6 6.Bg5 e6 7.Qd2 Be7 8.O-O-O a6
9.f4 Bd7 10.Nf3 b5 11.a3 Qa5 12.Kb1 b4 13.axb4 Nxb4 14.e5 Ne4 15.Qd4 Nxc3+
16.Qxc3 Bxg5 17.fxg5 O-O 18.Qa3 Qc5 19.c3 a5 20.Rd4 Rfe8 21.Rc4 Qd5 22.Rd4 Qc6
23.Rc4 Qb7 24.cxb4 axb4 25.Qxb4 Qa7 26.Qa3 Qb6 27.Qb4 Qa7  1/2-1/2

[Event "FSGM August"]
[Site "Budapest HUN"]
[Date "2001.08.16"]
[Round "13"]
[White "Dembo,Y"]
[Black "Balogh,C"]
[Result "1-0"]
[WhiteElo "2391"]
[BlackElo "2347"]

1.e4 c5 2.Nf3 d6 3.d4 cxd4 4.Nxd4 Nf6 5.Nc3 Nc6 6.Bg5 e6 7.Qd2 a6 8.O-O-O Qb6
9.Nb3 Be7 10.f3 O-O 11.h4 Rd8 12.Be3 Qc7 13.Qf2 Nd7 14.g4 b5 15.Kb1 Nce5
16.g5 b4 17.Ne2 a5 18.Nbd4 Rb8 19.h5 Nc5 20.g6 fxg6 21.hxg6 Nxg6 22.Qh2 Nf8
23.Nf4 Bf6 24.Nh5 Bxd4 25.Bxd4 e5 26.Be3 Nce6 27.Bh3 Qf7 28.Rdg1 Ng6 29.Bf5 Nef8
30.Ng3 Bxf5 31.exf5 Nf4 32.Bxf4 exf4 33.Nh5 g6 34.fxg6 Nxg6 35.Nxf4 Kf8 36.Qh6+ Ke8
37.Nxg6 hxg6 38.Rxg6 Rb7 39.Re1+ Kd7 40.Rg7  1-0

[Event "7th Stage Russian Cup"]
[Site "Togliatty RUS"]
[Date "2001.08.16"]
[Round "9"]
[White "Kineva,E"]
[Black "Ananchenko,I"]
[Result "0-1"]
[WhiteElo "2205"]
[BlackElo "2248"]

1.e4 c5 2.Nf3 Nc6 3.d4 cxd4 4.Nxd4 Nf6 5.Nc3 d6 6.Bg5 Bd7 7.Qd2 Rc8 8.O-O-O Nxd4
9.Qxd4 Qa5 10.f4 Rxc3 11.bxc3 e5 12.Qb4 Qxb4 13.cxb4 Nxe4 14.Re1 Nxg5 15.fxg5 Be7
16.h4 h6 17.gxh6 Rxh6 18.h5 Bc6 19.b5 Bd5 20.c4 Be6 21.Be2 Kd7 22.g4 Kc7
23.Rhg1 Bg5+ 24.Kb2 Kb6 25.Rd1 Kc5 26.Rgf1 f6 27.a4 Rh8 28.Rg1 e4 29.Kc3 Bf4
30.Rde1 d5 31.cxd5 Bxd5 32.Rd1 Rd8 33.a5 Be5+ 34.Kc2 Kb4 35.Rb1+ Kxa5 36.b6 axb6
37.Rb5+ Ka4 38.Rgb1 e3 39.R1b4+ Ka3 40.Rxb6 Rc8+ 41.Kd1 Bc3 42.R4b5 Be4 43.Rxb7 Rd8+
44.Kc1 Bd2+ 45.Kd1 Bb4+ 46.Kc1 Rc8+ 47.Kd1 Bc2+  0-1

[Event "Rubinstein Open"]
[Site "Polanica Zdroj POL"]
[Date "2001.08.17"]
[Round "2"]
[White "Skrzypnik,M"]
[Black "Shishkin,Va"]
[Result "1/2-1/2"]
[WhiteElo "2275"]
[BlackElo "2458"]

1.e4 c5 2.Nf3 Nc6 3.d4 cxd4 4.Nxd4 Nf6 5.Nc3 d6 6.Bg5 e6 7.Qd2 a6 8.O-O-O Nxd4
9.Qxd4 Be7 10.f3 b5 11.h4 Bb7 12.Kb1 O-O 13.Qd2 Qc7 14.Bd3 Rfd8 15.Ne2 e5
16.Bxf6 Bxf6 17.g4 d5 18.Ng3 dxe4 19.fxe4 Be7 20.g5 Bc8 21.Qe1 Bg4 22.Rc1 g6
23.Qd2 Rd7 24.Rcf1 Be6 25.h5 Re8 26.Ne2 Qd8 27.Rfg1 Bc4 28.Rg3 Qc7 29.Qc3 Bxd3
30.cxd3 b4 31.Qb3 Bf8 32.hxg6 hxg6 33.Rg4 Bg7 34.Qxb4 Rb8 35.Qd2 Qc6 36.Nc1 Rc8
37.Nb3 Rdc7 38.Rc1 Qd7 39.Rgg1 Rxc1+ 40.Rxc1 Rxc1+ 41.Nxc1  1/2-1/2

[Event "Open"]
[Site "Presov SVK"]
[Date "2001.08.18"]
[Round "8"]
[White "Svoboda,S"]
[Black "Manik,M"]
[Result "0-1"]
[WhiteElo "2300"]
[BlackElo "2414"]

1.e4 c5 2.Nf3 Nc6 3.d4 cxd4 4.Nxd4 Nf6 5.Nc3 d6 6.Bg5 e6 7.Qd2 a6 8.O-O-O Bd7
9.f4 b5 10.Bxf6 gxf6 11.Kb1 Qb6 12.Nxc6 Bxc6 13.Qe1 Ra7 14.Bd3 h5 15.f5 b4
16.Ne2 e5 17.Qh4 Be7 18.g4 a5 19.gxh5 a4 20.h6 Rh7 21.Rhg1 Qe3 22.Rg8+ Kd7
23.Qe1 Rb7 24.Qg1 Qxg1 25.Rdxg1 Rxh6 26.R1g7 Rxh2 27.Rxf7 Rh1+ 28.Nc1 d5
29.Ba6 Rc7 30.Rb8 dxe4 31.Rg7 e3 32.Rxb4 Bf3 33.Bb5+ Kd6 34.Rxa4 e2 35.Ra6+ Kc5
36.Bxe2 Bxe2 37.Re6 Bd8 38.Rg3 Rd7 39.Rc3+ Kd4 40.Rcc6 Ke4 41.Rcd6 Rxd6 42.Rxd6 Ba5
43.a3 Rd1 44.Rxd1 Bxd1 45.b4 Bc7 46.a4 Kd4 47.Kb2 Kc4 48.Nd3 e4 49.Nc5 e3
50.Kc1 Bg4  0-1

[Event "6th San Agustin Open"]
[Site "Aviles ESP"]
[Date "2001.08.19"]
[Round "3"]
[White "Szamoskozi,G"]
[Black "Werle,J"]
[Result "0-1"]
[WhiteElo "2166"]
[BlackElo "2412"]

1.e4 c5 2.Nf3 d6 3.d4 cxd4 4.Nxd4 Nf6 5.Nc3 Nc6 6.Bg5 e6 7.Qd2 a6 8.O-O-O h6
9.Be3 Be7 10.f3 Nxd4 11.Bxd4 b5 12.Kb1 Rb8 13.Qe3 b4 14.Na4 Qc7 15.b3 O-O
16.g4 Bd7 17.Bxa6 Ra8 18.Qe2 e5 19.Bb2 Qa5 20.Bc4 Rfc8 21.h4 Rxc4 22.g5 Rc7
23.gxf6 Bxf6 24.Rxd6 Bxa4 25.bxa4 Qxa4 26.Rxf6 Qxa2+ 27.Kc1 b3 28.Rb6 Rac8
29.Rxb3 Qxb3 30.Rh2 Rxc2+ 31.Qxc2 Qe3+ 32.Kb1 Rxc2 33.Rxc2 Qxf3 34.Bxe5 Qf1+
35.Ka2 Qa6+ 36.Kb1 Qb7+ 37.Kc1 Qxe4 38.Bc3 Qxh4  0-1

[Event "Rubinstein Open"]
[Site "Polanica Zdroj POL"]
[Date "2001.08.19"]
[Round "4"]
[White "Jakubiec,A"]
[Black "Baklan,V"]
[Result "1/2-1/2"]
[WhiteElo "2497"]
[BlackElo "2599"]

1.e4 c5 2.Nf3 Nc6 3.d4 cxd4 4.Nxd4 Nf6 5.Nc3 d6 6.Bg5 e6 7.Qd3 a6 8.Be2 h6
9.Bh4 Be7 10.O-O-O Qb6 11.f3 Ne5 12.Qd2 Nxe4 13.Nxe4 Bxh4 14.f4 d5 15.fxe5 dxe4
16.Kb1 Bg5 17.Qe1 O-O 18.Bg4 e3 19.g3 Rd8 20.c3 Rd5 21.h4 Bd8 22.Qxe3 Bc7
23.c4 Rxe5 24.Qd3 Qc5 25.Rhf1 Qe7 26.Bf3 Rb8 27.Bg2 Rc5 28.Rfe1 Qf6 29.Be4 Qe7
30.a3 Bd7 31.Nb3 Ba4 32.Nxc5 Qxc5 33.Rd2 b5 34.cxb5 Bxb5 35.Qe3 Qxe3 36.Rxe3 f5
37.Bc2 Kf7 38.Bb3 Rb6 39.Rc2 Bb8 40.Rc8 Bd7 41.Rc4 g5 42.Rd4 Ke7 43.hxg5 hxg5
44.Bc2 e5 45.Rxd7+ Kxd7  1/2-1/2

[Event "VI Cup GM"]
[Site "Paks HUN"]
[Date "2001.08.20"]
[Round "3"]
[White "Arnold,L"]
[Black "Kosanovic,G"]
[Result "0-1"]
[WhiteElo "2408"]
[BlackElo "2430"]

1.e4 c5 2.Nf3 d6 3.d4 cxd4 4.Nxd4 Nf6 5.Nc3 Nc6 6.Bg5 Bd7 7.Qd2 Rc8 8.O-O-O Nxd4
9.Qxd4 Qa5 10.f4 h6 11.Bxf6 gxf6 12.Kb1 Qc5 13.Qd2 e6 14.e5 fxe5 15.Ne4 Qd4
16.Qe2 Qb6 17.fxe5 d5 18.Nf6+ Kd8 19.Nxd7 Kxd7 20.c4 d4 21.Qf2 Ke8 22.Bd3 Rg8
23.Rhf1 Rc7 24.g3 Qc5 25.Rde1 Rg5 26.Re4 Rxe5 27.Qxd4 Qxd4 28.Rxd4 Re3 29.Rd1 Bg7
30.Re4 Rxe4 31.Bxe4 Rxc4 32.Bxb7 Bxb2 33.Ba6 Rb4 34.Kc2 Bd4 35.Rb1 Rxb1 36.Kxb1 Ke7
37.Kc2 Kf6 38.Be2 Bg1 39.h3 Bf2 40.g4 Kg5 41.Bb5 Kh4 42.Be8 Kxh3 43.Bxf7 e5
44.Bh5 Kg3 45.Kd3 Kf4 46.Ke2 Bh4 47.a4 a5 48.Kd3 Be7 49.Ke2 Bg5 50.Kf2 e4
51.Ke2 e3 52.Be8 Kxg4 53.Bd7+ Kf4 54.Be8 Bh4 55.Bf7 Bf2 56.Be8 Kg5 57.Kf3 h5
58.Bd7 Kf6 59.Be8 h4 60.Bd7 Ke5 61.Be8 Kd4 62.Ke2 Ke4 63.Bd7 Kf4 64.Kf1 Kg3
65.Be6 h3 66.Bd7 h2 67.Bc6 Kf4 68.Ke2 Ke5 69.Kd3 Kf4 70.Ke2 Bh4 71.Bb7 Be7
72.Bc6 Bb4 73.Bb7 Bd2 74.Bc6 Ke5 75.Bb7 Kd4 76.Bc6 Kc4 77.Kd1 Kc3 78.Be4 Bc1
79.Bc6 Ba3 80.Ke2 Bc5 81.Bd5 Kb4 82.Bc6 h1=Q 83.Bxh1 Kxa4 84.Kd3 Kb3 85.Bd5+ Kb2
86.Bc6 Kc1 87.Ba4 Bb6 88.Bb3 Kb2 89.Bd1 Ka3 90.Kc3 a4 91.Be2 Ba5+ 92.Kc2 Kb4
93.Bh5 Kc4 94.Be2+ Kd4 95.Bb5 Ke4 96.Bc6+ Kf4 97.Kd3 a3 98.Bd5 Bb6 99.Ke2 Ke5
100.Bg8 Kd4 101.Kd1 Kc3  0-1

[Event "6th San Agustin Open"]
[Site "Aviles ESP"]
[Date "2001.08.21"]
[Round "5"]
[White "Jakubowski,K"]
[Black "Werle,J"]
[Result "1-0"]
[WhiteElo "2376"]
[BlackElo "2412"]

1.e4 c5 2.Nf3 d6 3.d4 cxd4 4.Nxd4 Nf6 5.Nc3 Nc6 6.Bg5 e6 7.Qd2 a6 8.O-O-O h6
9.Be3 Be7 10.f3 Nxd4 11.Bxd4 b5 12.Kb1 Rb8 13.Ba7 Rb7 14.Be3 Qa5 15.h4 b4
16.Ne2 e5 17.Nc1 Be6 18.g4 d5 19.Nb3 Qa4 20.g5 hxg5 21.hxg5 Rxh1 22.gxf6 Rxf1
23.Rxf1 gxf6 24.exd5 Qb5 25.Rh1 Qxd5 26.Qe2 Rc7 27.Rd1 Qc4 28.Qg2 Bf5 29.Ka1 Bf8
30.Qg8 Rc8 31.Rc1 a5 32.Bh6 Ke7 33.Bxf8+ Rxf8 34.Qg1 Ra8 35.Qb6 Qd5 36.c4 bxc3
37.Rxc3 a4 38.Qb4+ Qd6 39.Qb7+ Bd7 40.Qxa8 axb3 41.Qa3 Qxa3 42.bxa3 bxa2
43.Kxa2 f5 44.Kb3 Kd6 45.a4 f4 46.Kb4 f5 47.a5 e4 48.fxe4 fxe4 49.a6 Bc6
50.a7 Bb7 51.Rc8 f3 52.Kc3 f2 53.Rf8 e3 54.Kd3 Kc7 55.Kxe3 Kb6 56.Rxf2 Kxa7
57.Kd4 Kb6 58.Rb2+ Kc6 59.Rh2 Kb6  1-0

[Event "Open"]
[Site "Lisbon POR"]
[Date "2001.08.21"]
[Round "1"]
[White "Kotronias,V"]
[Black "Silva,Fe"]
[Result "1-0"]
[WhiteElo "2528"]
[BlackElo "2344"]

1.e4 c5 2.Nf3 d6 3.d4 cxd4 4.Nxd4 Nf6 5.Nc3 Nc6 6.Bg5 Bd7 7.Be2 Qa5 8.Bxf6 gxf6
9.O-O Nxd4 10.Qxd4 Rc8 11.Nd5 Qc5 12.Qd3 Qxc2 13.Qe3 Qc5 14.Qb3 Bg7 15.Qxb7 e6
16.Bb5 Qxb5 17.Qxc8+ Bxc8 18.Nc7+ Kd7 19.Nxb5 a6 20.Nc3 Bb7 21.Rfd1 Rc8 22.Rd3 Rc5
23.Rad1 Bf8 24.Na4 Ra5 25.Ra3 Kd8 26.b4 Rb5 27.Nc5 Bc8 28.Nxa6 Rb6 29.Nc5 Rxb4
30.Ra7 Rc4 31.Nb7+ Ke8 32.Na5 Rxe4 33.Ra8 Kd7 34.f3 Re5 35.Ra7+ Ke8 36.Rc1 Rc5
37.Rxc5 dxc5 38.Nc4 Bd7 39.Nb6 Bb5 40.Ra8+ Ke7 41.Nc8+  1-0

[Event "Rubinstein Open"]
[Site "Polanica Zdroj POL"]
[Date "2001.08.21"]
[Round "6"]
[White "Chojnacki,K"]
[Black "Lagowski,P"]
[Result "0-1"]
[WhiteElo "2228"]
[BlackElo "2346"]

1.e4 c5 2.Nf3 d6 3.d4 cxd4 4.Nxd4 Nf6 5.Nc3 Nc6 6.Bg5 e6 7.Qd2 a6 8.O-O-O Bd7
9.f3 h6 10.Be3 Qc7 11.g4 Na5 12.h4 g6 13.Rg1 Nc4 14.Bxc4 Qxc4 15.g5 hxg5
16.hxg5 Nh5 17.f4 b5 18.Kb1 Rc8 19.f5 b4 20.fxe6 fxe6 21.Nce2 e5 22.Nb3 Be6
23.Nec1 Be7 24.Nd3 a5 25.Nf2 a4 26.Nc1 Rf8 27.Ng4 Qxe4 28.Nf6+ Nxf6 29.gxf6 Rxf6
30.Bg5 b3 31.Ka1 Rxc2 32.Qa5 Rxb2 33.Kxb2 Qc2+ 34.Ka3 d5+  0-1

[Event "Rubinstein Open"]
[Site "Polanica Zdroj POL"]
[Date "2001.08.21"]
[Round "6"]
[White "Grabarczyk,B"]
[Black "Baklan,V"]
[Result "0-1"]
[WhiteElo "2439"]
[BlackElo "2599"]

1.e4 c5 2.Nf3 Nc6 3.d4 cxd4 4.Nxd4 Nf6 5.Nc3 d6 6.Bg5 e6 7.Qd3 a6 8.O-O-O Qb6
9.f4 h6 10.Bh4 Qxd4 11.Qxd4 Nxd4 12.Rxd4 Bd7 13.Be2 Bc6 14.Bf3 Be7 15.Rhd1 e5
16.Rc4 Nd7 17.Bg3 exf4 18.Bxf4 Ne5 19.Rcd4 Bg5 20.Ne2 Bb5 21.Bxg5 hxg5 22.Nc3 Bc6
23.Rxd6 Rxh2 24.Nd5 Kf8 25.Ne3 Re8 26.Rg1 g6 27.Rd4 Kg7 28.Be2 Rh4 29.Bd3 Reh8
30.Re1 Rh2 31.Bf1 R8h4 32.Nd5 g4 33.Nb4 g3 34.Nxc6 bxc6 35.Re3 Rg4 36.Rd2 a5
37.a4 c5 38.Rc3 Rxe4 39.Bb5 Re1+ 40.Rd1 Rxd1+ 41.Kxd1 Rxg2 42.Rxc5 Nf3  0-1

[Event "Rubinstein Open"]
[Site "Polanica Zdroj POL"]
[Date "2001.08.23"]
[Round "8"]
[White "Zawadzki,S"]
[Black "Orzech,D"]
[Result "0-1"]
[WhiteElo "2311"]
[BlackElo "2251"]

1.e4 c5 2.Nf3 Nc6 3.d4 cxd4 4.Nxd4 Nf6 5.Nc3 d6 6.Bg5 e6 7.Qd2 a6 8.O-O-O h6
9.Be3 Be7 10.f3 Nxd4 11.Bxd4 e5 12.Be3 Be6 13.Kb1 Rc8 14.Be2 Qa5 15.a3 Nd7
16.h4 Nb6 17.Nb5 Qxd2 18.Rxd2 axb5 19.Bxb6 Bc4 20.Ba5 h5  0-1

[Event "Open"]
[Site "Lisbon POR"]
[Date "2001.08.24"]
[Round "4"]
[White "Reinaldo Castineira,R"]
[Black "Tyomkin,D"]
[Result "1/2-1/2"]
[WhiteElo "2403"]
[BlackElo "2461"]

1.e4 c5 2.Nf3 d6 3.d4 cxd4 4.Nxd4 Nf6 5.Nc3 Nc6 6.Bg5 e6 7.Qd2 Be7 8.O-O-O Nxd4
9.Qxd4 O-O 10.f3 a6 11.h4 b5 12.Bxf6 Bxf6 13.Qxd6 Qxd6 14.Rxd6 Bb7 15.Nd1 Be5
16.Rd3 Rfc8 17.Kb1 h5 18.Nf2 Rc7 19.Rd2 Bf4 20.Re2 Rd8 21.a3 a5 22.Nd3 Bh6
23.g3 Rd4 24.Re1 b4 25.axb4 axb4 26.Rh2 f5 27.exf5 exf5 28.Ne5 b3 29.Bd3 bxc2+
30.Rxc2 Rxc2 31.Bxc2 Bxf3  1/2-1/2

[Event "VI Cup GM"]
[Site "Paks HUN"]
[Date "2001.08.24"]
[Round "7"]
[White "Rajlich,V"]
[Black "Pataki,G"]
[Result "0-1"]
[WhiteElo "2330"]
[BlackElo "2347"]

1.e4 c5 2.Nf3 Nc6 3.d4 cxd4 4.Nxd4 Nf6 5.Nc3 d6 6.Bg5 e6 7.Qd2 Be7 8.O-O-O Nxd4
9.Qxd4 O-O 10.f4 Qa5 11.Bc4 Bd7 12.e5 dxe5 13.fxe5 Bc6 14.Bd2 Nd7 15.Nd5 Qd8
16.Nxe7+ Qxe7 17.Rhe1 Nb6 18.Bf1 Rfd8 19.Qg4 Qc5 20.Bh6 Rxd1+ 21.Kxd1 g6
22.Bd3 Rc8 23.Kc1 Bb5 24.Qe2 Bxd3 25.Qxd3 Nd5 26.Kb1 b5 27.h4 Qf2 28.Bd2 Rc4
29.Rf1 Qxh4 30.b3 Rd4 31.Qxb5 Rxd2 32.Qe8+ Kg7 33.Rxf7+ Kh6 34.Qf8+ Kg5 35.Qd8+ Kg4
36.Qxh4+ Kxh4 37.Rxh7+ Kg4 38.Rxa7 Rxg2 39.a4 Nb4 40.Rc7 Kf5 41.a5 Kxe5 42.Rb7 Nc6
43.a6 Rh2 44.b4 Rh8 45.b5 Na5 46.Rc7 Kd6 47.Rg7 Nc4 48.Ka2 Kc5 49.Rxg6 e5
50.Rg7 Kxb5 51.a7 Na5 52.Rd7 Kc5 53.Kb2 Ra8 54.Kc3 Nc6 55.Kd2 Rxa7 56.Rd3 Ra4
57.Ke3 Rh4 58.Rd2 Ne7 59.Rd8 Nd5+ 60.Kd2 Rh3  0-1

[Event "WJun Women"]
[Site "Athens GRE"]
[Date "2001.08.25"]
[Round "9"]
[White "Korbut,E"]
[Black "Moshina,C"]
[Result "1/2-1/2"]
[WhiteElo "2413"]
[BlackElo "2221"]

1.e4 c5 2.Nf3 d6 3.d4 cxd4 4.Nxd4 Nf6 5.Nc3 Nc6 6.Bg5 e6 7.Qd2 a6 8.O-O-O h6
9.Be3 Be7 10.f3 Nxd4 11.Bxd4 b5 12.Bxf6 Bxf6 13.Qxd6 Qxd6 14.Rxd6 Bxc3 15.bxc3 Ke7
16.e5 Bb7 17.c4 Rhc8 18.Rb6 Rc7 19.Kb2 Rac8 20.Be2 bxc4 21.Kc3 Rd8 22.Rhb1 Rdd7
23.R6b4 a5 24.Rb5 a4 25.Ra5 Bc6 26.Ra6 Bb7 27.Rxa4 Rc5 28.Rab4 Rxe5 29.Bxc4 Bd5
30.a4 Bxc4 31.Rxc4 Re2 32.a5 Rxg2 33.a6 Rg5  1/2-1/2

[Event "Julian Borowski Rapid"]
[Site "Mainz GER"]
[Date "2001.08.25"]
[Round "4"]
[White "Lutz,C"]
[Black "Zvjaginsev,V"]
[Result "1/2-1/2"]
[WhiteElo "2643"]
[BlackElo "2638"]

1.e4 c5 2.Nf3 d6 3.d4 cxd4 4.Nxd4 Nf6 5.Nc3 Nc6 6.Bg5 e6 7.Qd2 Be7 8.O-O-O O-O
9.f4 Bd7 10.Nf3 Qa5 11.Kb1 Rfd8 12.Bb5 Nb4 13.Bxf6 Bxf6 14.Bxd7 Bxc3 15.Qxc3 Qxa2+
16.Kc1 Qa5 17.Bxe6 fxe6 18.Qb3 d5 19.exd5 exd5 20.Kb1 Rd6 21.c3 Na6 22.Rhe1 Nc7
23.Qb4 Qxb4 24.cxb4 Re8 25.Kc2 Kf7 26.Rxe8 Kxe8 27.Re1+ Kf8 28.Nd4 Kf7 29.Kc3 Rh6
30.h3 Rb6 31.g4 h6 32.Re5 Nb5+ 33.Nxb5 Rxb5 34.Re2 Rb6 35.b3 a6 36.Re3 d4+
37.Kxd4 Rxb4+ 38.Ke5 Rb5+ 39.Kd6 a5 40.Re7+ Kg6 41.Re6+ Kf7 42.Re7+ Kg8 43.Re3 Rb4
44.Ke5 b5 45.Rc3 Kh7 46.h4 a4 47.bxa4 bxa4 48.Rc5  1/2-1/2

[Event "Rubinstein Open"]
[Site "Polanica Zdroj POL"]
[Date "2001.08.25"]
[Round "10"]
[White "Demidenko,S"]
[Black "Zawadzki,S"]
[Result "0-1"]
[WhiteElo "2211"]
[BlackElo "2311"]

1.e4 c5 2.Nf3 d6 3.d4 cxd4 4.Nxd4 Nf6 5.Nc3 Nc6 6.Bg5 e6 7.Qd2 a6 8.O-O-O h6
9.Be3 Be7 10.f3 Qc7 11.g4 Nxd4 12.Bxd4 e5 13.Be3 Be6 14.Kb1 Qa5 15.Nd5 Qxd2
16.Nxf6+ gxf6 17.Rxd2 h5 18.Rg2 hxg4 19.fxg4 Kd7 20.h4 Rag8  0-1

[Event "Open"]
[Site "Lisbon POR"]
[Date "2001.08.26"]
[Round "6"]
[White "Henriques,S"]
[Black "Andrade,Le"]
[Result "0-1"]
[WhiteElo "2069"]
[BlackElo "2230"]

1.e4 c5 2.Nf3 d6 3.d4 cxd4 4.Nxd4 Nf6 5.Nc3 Nc6 6.Bg5 e6 7.Qd2 a6 8.O-O-O h6
9.Bf4 Bd7 10.Bxd6 Bxd6 11.Nxc6 Bxc6 12.Qxd6 Qxd6 13.Rxd6 Bxe4 14.Rd2 Bc6
15.f3 g5 16.Bd3 Ke7 17.Rf1 Rad8 18.f4 Nd5 19.Nxd5+ Rxd5 20.Rdf2 f5 21.Re1 gxf4
22.Rxf4 Kf6 23.g4 Kg5 24.Rf2 fxg4 25.Rxe6 h5 26.b3 h4 27.Re7 Rxd3 28.cxd3 g3
29.Rg7+ Kh5  0-1

[Event "WJun Women"]
[Site "Athens GRE"]
[Date "2001.08.28"]
[Round "12"]
[White "Sergeeva,M"]
[Black "Plachkinova,T"]
[Result "1-0"]
[WhiteElo "2327"]
[BlackElo "2190"]

1.e4 c5 2.Nf3 Nc6 3.d4 cxd4 4.Nxd4 Nf6 5.Nc3 d6 6.Bg5 e6 7.Qd3 Be7 8.Rd1 a6
9.Be2 h6 10.Bc1 Nb4 11.Qd2 O-O 12.a3 Nc6 13.Qe3 Qc7 14.Qg3 Kh8 15.O-O Bd7
16.Kh1 Nxd4 17.Rxd4 Bc6 18.Qh3 Kh7 19.f4 e5 20.fxe5 dxe5 21.Rd3 Bd7 22.Qg3 Be6
23.Qf2 Rad8 24.Rg3 Bc5 25.Rxg7+ Kxg7 26.Qxf6+ Kh7 27.Qxh6+ Kg8 28.Qg5+ Kh7
29.Rf6  1-0

[Event "Open"]
[Site "Lisbon POR"]
[Date "2001.08.29"]
[Round "9"]
[White "Reinaldo Castineira,R"]
[Black "Andrade,Le"]
[Result "1-0"]
[WhiteElo "2403"]
[BlackElo "2230"]

1.e4 c5 2.Nf3 d6 3.d4 cxd4 4.Nxd4 Nf6 5.Nc3 Nc6 6.Bg5 Qb6 7.Nb3 e6 8.Qd2 a6
9.f3 Be7 10.O-O-O Qc7 11.Kb1 b5 12.Bxb5 axb5 13.Nxb5 Qb8 14.Nxd6+ Bxd6 15.Qxd6 Qxd6
16.Rxd6 Na5 17.Rhd1 O-O 18.Nxa5 Rxa5 19.Be3 e5 20.c4 Be6 21.b3 h6 22.Kb2 Rfa8
23.a4 Kf8 24.Bb6 R5a6 25.a5 Ke8 26.c5 Nd7 27.b4 Rc8 28.Rc1 Nxb6 29.cxb6 Rxc1
30.b7  1-0

[Event "EYCC B18"]
[Site "Halkidiki GRE"]
[Date "2001.09.02"]
[Round "3"]
[White "Popovic,Du"]
[Black "Werle,J"]
[Result "1/2-1/2"]
[WhiteElo "2361"]
[BlackElo "2412"]

1.e4 c5 2.Nf3 d6 3.d4 cxd4 4.Nxd4 Nf6 5.Nc3 Nc6 6.Bg5 e6 7.Qd2 a6 8.O-O-O h6
9.Be3 Be7 10.f3 Nxd4 11.Bxd4 b5 12.Kb1 Rb8 13.Ba7 Rb7 14.Be3 Qa5 15.Nd5 Qxd2
16.Nxf6+ gxf6 17.Bxd2 e5 18.a4 Be6 19.axb5 axb5 20.Bb4 Kd7 21.b3 Kc6 22.Bd3 Ra8
23.Kb2 Rba7 24.Ra1 Rxa1 25.Rxa1 Rxa1 26.Kxa1 h5 27.h3 Bd8 28.c4 bxc4 29.bxc4 Bb6
30.g4 Be3 31.Kb2 h4 32.Be1 Bg5 33.Kc3 Bc8 34.Kb4 Kb6 35.Bf2+ Kc6 36.Bc2 Bd2+
37.Ka3 Bc1+ 38.Kb3 Bg5 39.Kc3 Kc7 40.Ba4 Be6 41.Bb5 Kb7 42.Kb3 Kc7 43.Be1 Kb7
44.Ka4 Kc7 45.Kb4 Kb6 46.Bf2+ Kb7 47.Ka4 Kc7 48.Ka5 Kb7 49.Be1 Kc7 50.Kb4 Kb6
51.Be8 Kb7 52.Kb5 Kc7 53.Ba5+ Kb7 54.Bc6+ Kc8 55.Bb6 Kb8 56.Kb4 Bd2+ 57.Kb3 Bf4
58.Bd5 Kc8 59.Bf2 Bg3 60.Be3  1/2-1/2

[Event "Schwarzach Open A"]
[Site "Salzburg AUT"]
[Date "2001.09.02"]
[Round "9"]
[White "Klovans,J"]
[Black "Groetz,H"]
[Result "0-1"]
[WhiteElo "2446"]
[BlackElo "2305"]

1.e4 c5 2.Nf3 d6 3.d4 cxd4 4.Nxd4 Nf6 5.Nc3 Nc6 6.Bg5 e6 7.Qd2 a6 8.O-O-O h6
9.Be3 Be7 10.f3 Nxd4 11.Bxd4 b5 12.Kb1 Rb8 13.Ba7 Rb7 14.Be3 Qa5 15.g4 b4
16.Ne2 e5 17.Nc1 Be6 18.Qe2 O-O 19.h4 Nd7 20.g5 h5 21.Qxa6 Qc7 22.Qe2 Ra8
23.b3 Nb6 24.Bxb6 Rxb6 25.Bh3 g6 26.Rd3 Rc6 27.Qd1 Bd8 28.Rh2 Raa6 29.Bxe6 fxe6
30.Rhd2 Be7 31.Qe1 Ra5 32.Qe3 Rac5 33.Qe2 Bf8 34.Qd1 Ra5 35.Re2 Kh7 36.Qe1 Rac5
37.Qd1 Ra5 38.c4 bxc3 39.Rc2 Bg7 40.Ne2 Rac5 41.Qc1 Qa7 42.Rdxc3 Rxc3 43.Nxc3 Qd4
44.Kb2 Qd3 45.Rf2 Qd4 46.Re2 Qd3 47.Re3 Qd4 48.Qe1 d5 49.Qe2 Qc5 50.Qb5 Qxe3
51.Qxc6 Qd2+ 52.Kb1 Qe1+ 53.Kb2 Qd2+ 54.Kb1 Qe1+ 55.Kb2 d4 56.Nb1 Qxh4 57.a4 Qxg5
58.a5 h4 59.Qxe6 Qg2+ 60.Ka1 h3 61.a6 h2 62.a7 h1=Q 63.a8=Q Qxf3 64.Qc4 Qxe4
65.Qxe4 Qxe4 66.b4 Qa8+ 67.Kb2 e4 68.Qe6 d3+ 69.Kb3 Qg8 70.Qxg8+ Kxg8 71.Kc4 Kf7
72.b5 Ke6 73.b6 Be5 74.b7 g5 75.Nd2 e3 76.Nf3 d2 77.Nxe5 d1=Q 78.b8=Q Qc1+
79.Kd4 Qd2+ 80.Nd3 e2 81.Qe5+ Kf7 82.Qf5+  0-1

[Event "TCh-YUG"]
[Site "Herceg Novi YUG"]
[Date "2001.09.03"]
[Round "1"]
[White "Perunovic,Mil"]
[Black "Markovic,Iv YUG"]
[Result "1/2-1/2"]
[WhiteElo "2477"]
[BlackElo "2504"]

1.e4 c5 2.Nf3 d6 3.d4 Nf6 4.Nc3 cxd4 5.Nxd4 Nc6 6.Bg5 Bd7 7.Qd2 Nxd4 8.Qxd4 Qa5
9.Bd2 e5 10.Qd3 Qb6 11.O-O-O Rc8 12.f3 h6 13.Kb1 a6 14.g4 Be6 15.Nd5 Nxd5
16.exd5 Bd7 17.c4  1/2-1/2